Новий клегіум (Запис № 412324)
[ простий вигляд ]
| 000 -Лідер | |
|---|---|
| fixed length control field | 02553cas a22003257c 4500 |
| 001 - Контрольний номер | |
| control field | 137056 |
| 003 - Ідентифікатор контрольного номера | |
| control field | UA-OsUOA |
| 005 - Дата та час останнього входження (трансакції) | |
| control field | 20190926100732.0 |
| 007 - Фіксоване поле фізичного опису | |
| fixed length control field | ta |
| 008 - Елементи даних фіксованої довжини – загальна інформація | |
| fixed length control field | 201904c1999 un qr|p||00| 0 ukrcdukr d |
| 022 ## - Міжнародний стандартний серіальний номер (ISSN) | |
| Міжнародний стандартний серіальний номер (ISSN) | 1562529Х |
| 040 ## - Джерело каталогізації | |
| Агенція оригінальної каталогізації | UA-OsUOA |
| Мова каталогізації | ukr |
| Агенція, яка здійснювала перезапис | UA-OsUOA |
| Агенція, яка здійснювала модифікацію | UA-OsUOA |
| 041 ## - Код мови | |
| Код мови тексту/ звукової доріжки чи окремого заголовка (П) | ukr |
| -- | rus |
| -- | eng |
| 044 ## - Код країни видавця/ виробника | |
| Код країни видавця/ виробника (П) | UA |
| 080 ## - Індекс Універсальної десяткової класифікації | |
| Індекс Універсальної десяткової класифікації (УДК) (НП) | 37 |
| 090 ## - Локальний шифр розміщення | |
| Класифікаційний індекс УДК | 37 |
| Авторський знак (НП) | Н73 |
| 099 ## - Місцевий розмір звичайного тексту (OCLC) | |
| Передплатний індекс | 22863 |
| 110 ## - Наймення організації – загальна інформація | |
| Найменування колективу або юрисдикції як початковий елемент введення | Харківський національний університет радіоелектроніки, Харківський національний педагогічний університет ім. Г. С. Сковороди, Харківський регіональний інститут державного управління Національної академії державного управління при Президентові України |
| 245 ## - Відомості про назву | |
| Назва (НП) | Новий клегіум |
| Решта назви (НП) | науковий інформаційний журнал |
| Дані про відповідальність (НП) | гол. ред. І. Ф. Прокопенко |
| 260 ## - Публікація, розповсюдження і т.п. (Вихідні дані) | |
| Місце публікації, розповсюдження і т.п. (П) | Харків |
| Ім’я/ наймення видавництва, розповсюджувача і т.п. (П) | Приватна фірма "Колегіум" |
| 310 ## - Поточна періодичність | |
| Поточна періодичність | щоквартально |
| 520 ## - Резюме і т.п. | |
| Резюме, реферат, анотація, тощо (НП) | «Новий Колегіум» видається за сприяння Ради ректорів вищих навчальних закладів Харківської області та Харківського університетського консорціуму, за підтримки Департаменту науки і освіти Харківської обласної державної адміністрації. Концепція видання передбачає побудову єдиного інформаційного простору в галузі освіти, висвітлення можливостей українських та зарубіжних закладів освіти усіх форм і типів, популяризацію нових освітніх технологій тощо. За результатами Всеукраїнського конкурсу «Вища школа-2008» «Новий Колегіум» нагороджено Дипломом 1 ступеня з врученням золотої медалі. |
| 650 #7 - Додаткове предметне введення – тематичний термін | |
| Тематичний термін чи географічна назва, як елемент введення (НП) | 37 Освіта. Виховання. Навчання. Дозвілля |
| Джерело заголовка чи терміна | UDC |
| 856 ## - Електронне місцезнаходження та доступ | |
| Уніфікований ідентифікатор ресурсу (П) | https://nure.ua/branch/zhurnal-noviy-kolegium |
| 942 ## - Додаткові елементи входу (Коха) | |
| Тип елемента Koha | Журнал |
| Source of classification or shelving scheme | Universal Decimal Classification |
| 955 ## - Код типу видання за змістом | |
| Код типу видання за змістом (НП) | Наукові видання |
| 962 ## - Рік початку публікації | |
| Рік | 1999 |
Немає доступних примірників.